Normal view
MARC view
- Chakraborty, Kanad Mazumder, Pinaki
Entry Personal Name
001 - CONTROL NUMBER
- control field: 61631
003 - CONTROL NUMBER IDENTIFIER
- control field: NUST
005 - DATE AND TIME OF LATEST TRANSACTION
- control field: 20210628202804.0
008 - FIXED-LENGTH DATA ELEMENTS
- fixed length control field: 210628|| aca||aabn | a|a d
040 ## - CATALOGING SOURCE
- Original cataloging agency: NUST
- Transcribing agency: NUST
100 ## - HEADING--PERSONAL NAME
- Personal name: Chakraborty, Kanad Mazumder, Pinaki
670 ## - SOURCE DATA FOUND
- Source citation: Work cat.: (NUST): Chakraborty, Kanad Mazumder, Pinaki, Fault tolerance and reliability techniques for high denisty random access memories, 2002
